| 000 | 00817nam a22001697a 4500 | ||
|---|---|---|---|
| 003 | FranzMayer | ||
| 005 | 20230811134132.0 | ||
| 008 | 191007b ||||| |||| 00| 0 eng d | ||
| 040 | _cFranz | ||
| 100 |
_aCalatayud, Pedro de _928350 |
||
| 245 |
_aOpusculos y doctrinas practicas, que para el gobierno interior, y direccion de las almas, y para el conocimiento, examen, y prueba de varios espiritus ofrece a sus directores, y confessores _cy da a luz el Padre Pedro de Calatayud ; dedicalos al ilustrissimo señor don Diego de Roxas y Contreras. |
||
| 260 |
_aLogroño : _bEn la Imprenta de Francisco Delgado, impressor de la ciudad y del Santo Tribunal, _c1754. |
||
| 500 | _aEstado físico : en mal estado, separado para restauración | ||
| 500 | _aLM-55 | ||
| 650 |
_aMoral cristiana _921932 |
||
| 942 |
_2lcc _cB |
||
| 999 |
_c10785 _d10785 |
||